[Event "DEM U12w 2019"]
[Site "Willingen GER"]
[Date "2019.06.11"]
[Round "4"]
[White "Vianden, Ella"]
[Black "Voigt, Anastasia"]
[Result "0-1"]
[Termination "normal"]
[Board "8"]
[WhiteElo "1328"]
[BlackElo "1447"]
[WhiteClock "00:29:04"]
[BlackClock "01:28:55"]
[PlyCount "124"]
[WhiteFideId "16235592"]
[BlackFideId "16235223"]
[EventCountry "GER"]
[EventRounds "9"]
[EventType "swiss"]
[EventDate "2019.06.08"]

1. e4 {[%clk 1:30:56]} 1... e5 {[%clk 1:30:56]} 2. Nf3 {[%clk 1:31:21]} 2...
Nc6 {[%clk 1:31:21]} 3. Bb5 {[%clk 1:31:48]} 3... a6 {[%clk 1:31:39]} 4. Ba4 {
[%clk 1:32:05]} 4... Nf6 {[%clk 1:31:58]} 5. O-O {[%clk 1:32:25]} 5... Be7 {
[%clk 1:32:20]} 6. Re1 {[%clk 1:32:47]} 6... b5 {[%clk 1:32:46]} 7. Bb3 { [%clk
1:33:03]} 7... O-O {[%clk 1:33:08]} 8. c3 {[%clk 1:32:03]} 8... d6 { [%clk
1:33:19]} 9. h3 {[%clk 1:30:12]} 9... Na5 {[%clk 1:32:37]} 10. Bc2 { [%clk
1:29:58]} 10... Nc4 {[%clk 1:32:33]} 11. b3 {[%clk 1:25:25]} 11... Nb6 { [%clk
1:32:47]} 12. d4 {[%clk 1:21:00]} 12... exd4 {[%clk 1:31:41]} 13. cxd4 { [%clk
1:17:41]} 13... c5 {[%clk 1:26:58]} 14. e5 {[%clk 1:04:54]} 14... dxe5 { [%clk
1:18:39]} 15. dxe5 {[%clk 0:59:08]} 15... Qxd1 {[%clk 1:17:47]} 16. Rxd1 {[%clk
0:59:10]} 16... Nfd7 {[%clk 1:16:24]} 17. Bb2 {[%clk 0:51:43]} 17... Bb7 {[%clk
1:15:38]} 18. Nbd2 {[%clk 0:49:03]} 18... Rfe8 {[%clk 1:14:13]} 19. Re1 {[%clk
0:48:14]} 19... Bd8 {[%clk 1:11:36]} 20. Re2 {[%clk 0:41:32]} 20... Rc8 {[%clk
1:08:57]} 21. Rae1 {[%clk 0:33:11]} 21... Bd5 {[%clk 1:08:40]} 22. Kf1 { [%clk
0:29:34]} 22... c4 {[%clk 1:08:28]} 23. Re3 {[%clk 0:26:57]} 23... b4 { [%clk
1:04:48]} 24. Bd4 {[%clk 0:20:55]} 24... c3 {[%clk 1:03:59]} 25. Nb1 { [%clk
0:20:38]} 25... Be6 {[%clk 1:01:19]} 26. a3 {[%clk 0:19:39]} 26... a5 { [%clk
1:01:12]} 27. h4 {[%clk 0:17:25]} 27... Nd5 {[%clk 1:00:42]} 28. R3e2 { [%clk
0:15:50]} 28... h6 {[%clk 1:00:04]} 29. Bd3 {[%clk 0:14:37]} 29... Nf4 { [%clk
0:58:52]} 30. Re3 {[%clk 0:13:21]} 30... Nxd3 {[%clk 0:59:13]} 31. Rxd3 { [%clk
0:12:44]} 31... Bxb3 {[%clk 0:59:16]} 32. Rc1 {[%clk 0:04:25]} 32... Bc4 {[%clk
0:59:38]} 33. Ke2 {[%clk 0:03:11]} 33... Bxd3+ {[%clk 0:59:56]} 34. Kxd3 {[%clk
0:03:37]} 34... Nb6 35. Kc2 {[%clk 0:02:45]} 35... Nd5 {[%clk 1:00:02]} 36. g4
{[%clk 0:01:55]} 36... f6 {[%clk 0:58:02]} 37. g5 {[%clk 0:01:44]} 37... fxg5
{[%clk 0:58:11]} 38. hxg5 {[%clk 0:01:50]} 38... hxg5 {[%clk 0:58:21]} 39. Rg1
{[%clk 0:01:43]} 39... Ne7 {[%clk 0:58:09]} 40. Rxg5 {[%clk 0:01:10]} 40... Nc6
{[%clk 0:58:07]} 41. Rg6 {[%clk 0:00:45]} 41... Nxd4+ {[%clk 0:58:17]} 42. Nxd4
{[%clk 0:01:09]} 42... Rxe5 {[%clk 0:57:51]} 43. f3 {[%clk 0:00:37]} 43... Bf6
{[%clk 0:57:18]} 44. Rg4 {[%clk 0:28:06]} 44... Rg5 {[%clk 1:24:45]} 45. Rxg5
{[%clk 0:27:45]} 45... Bxg5 {[%clk 1:25:05]} 46. Ne6 {[%clk 0:27:56]} 46... Be7
{[%clk 1:24:36]} 47. axb4 {[%clk 0:27:44]} 47... axb4 {[%clk 1:24:49] } 48. f4
{[%clk 0:27:29]} 48... Rc4 {[%clk 1:24:58]} 49. Ng5 {[%clk 0:26:59]} 49... Bxg5
{[%clk 1:25:20]} 50. fxg5 {[%clk 0:27:05]} 50... Kf7 {[%clk 1:25:40] } 51. g6+
{[%clk 0:27:10]} 51... Kxg6 52. Kc1 {[%clk 0:27:15]} 52... Kf5 { [%clk
1:26:28]} 53. Kc2 {[%clk 0:27:28]} 53... g5 {[%clk 1:26:53]} 54. Kc1 { [%clk
0:27:38]} 54... g4 {[%clk 1:27:17]} 55. Kc2 {[%clk 0:28:07]} 55... g3 { [%clk
1:27:41]} 56. Kc1 {[%clk 0:28:36]} 56... g2 {[%clk 1:27:57]} 57. Kc2 { [%clk
0:28:44]} 57... g1=Q {[%clk 1:28:17]} 58. Kb3 {[%clk 0:29:07]} 58... Rh4 {[%clk
1:28:19]} 59. Ka2 {[%clk 0:29:15]} 59... Qd1 {[%clk 1:27:41]} 60. Na3 { [%clk
0:28:32]} 60... Rh2+ {[%clk 1:28:03]} 61. Nc2 {[%clk 0:28:47]} 61... Qxc2+
{[%clk 1:28:28]} 62. Ka1 {[%clk 0:29:04]} 62... Qa2# {[%clk 1:28:55]} 0-1

[Event "DEM U12w 2019"]
[Site "Willingen GER"]
[Date "2019.06.11"]
[Round "4"]
[White "Keymer, Cecilia"]
[Black "Stepanjan, Marianne"]
[Result "1-0"]
[Termination "normal"]
[Board "9"]
[WhiteElo "1511"]
[BlackElo "1312"]
[WhiteClock "00:23:05"]
[BlackClock "00:13:08"]
[PlyCount "55"]
[WhiteFideId "16233468"]
[BlackFideId "16246110"]
[EventCountry "GER"]
[EventRounds "9"]
[EventType "swiss"]
[EventDate "2019.06.08"]

1. d4 {[%clk 1:30:58]} 1... d5 {[%clk 1:30:53]} 2. c4 {[%clk 1:31:22]} 2... e6
{[%clk 1:31:19]} 3. Nc3 {[%clk 1:31:36]} 3... Nf6 {[%clk 1:28:41]} 4. cxd5 {
[%clk 1:31:56]} 4... exd5 {[%clk 1:28:54]} 5. Bg5 {[%clk 1:32:07]} 5... Be7 {
[%clk 1:28:27]} 6. e3 {[%clk 1:31:02]} 6... Be6 {[%clk 1:27:24]} 7. Bd3 { [%clk
1:30:05]} 7... Nbd7 {[%clk 1:25:57]} 8. h3 {[%clk 1:26:20]} 8... c5 { [%clk
1:24:39]} 9. Nf3 {[%clk 1:19:51]} 9... O-O {[%clk 1:21:09]} 10. O-O { [%clk
1:15:27]} 10... Rc8 {[%clk 1:16:15]} 11. Rc1 {[%clk 1:05:54]} 11... a6 { [%clk
1:02:12]} 12. a4 {[%clk 0:59:21]} 12... Qb6 {[%clk 0:59:47]} 13. Qc2 { [%clk
0:55:59]} 13... h6 {[%clk 0:57:47]} 14. Bh4 {[%clk 0:54:01]} 14... c4 { [%clk
0:55:46]} 15. Be2 {[%clk 0:51:50]} 15... Qa5 {[%clk 0:53:04]} 16. Ne5 { [%clk
0:49:04]} 16... Rfe8 {[%clk 0:48:46]} 17. f4 {[%clk 0:44:23]} 17... Nb8 { [%clk
0:43:30]} 18. Kh1 {[%clk 0:34:55]} 18... g6 {[%clk 0:34:49]} 19. Nxg6 { [%clk
0:31:16]} 19... Bd8 {[%clk 0:28:00]} 20. Ne5 {[%clk 0:27:46]} 20... Nc6 { [%clk
0:23:48]} 21. Bxf6 {[%clk 0:26:06]} 21... Bxf6 {[%clk 0:22:36]} 22. Bh5 { [%clk
0:25:39]} 22... Nxe5 {[%clk 0:19:17]} 23. dxe5 {[%clk 0:24:49]} 23... Bh4
{[%clk 0:19:25]} 24. f5 {[%clk 0:23:15]} 24... Re7 {[%clk 0:14:19]} 25. fxe6 {
[%clk 0:22:57]} 25... Rxe6 {[%clk 0:14:14]} 26. Bxf7+ {[%clk 0:23:06]} 26...
Kh8 {[%clk 0:13:22]} 27. Bxe6 {[%clk 0:23:22]} 27... Re8 {[%clk 0:13:08]} 28.
Qg6 {[%clk 0:23:05]} 1-0

[Event "DEM U12w 2019"]
[Site "Willingen GER"]
[Date "2019.06.11"]
[Round "4"]
[White "Peglau, Dora"]
[Black "Ramien, Hannah"]
[Result "1/2-1/2"]
[Termination "normal"]
[Board "10"]
[WhiteElo "1336"]
[BlackElo "1296"]
[PlyCount "62"]
[WhiteFideId "16220005"]
[BlackFideId "16209982"]
[EventCountry "GER"]
[EventRounds "9"]
[EventType "swiss"]
[EventDate "2019.06.08"]

1. c4 e6 2. Nc3 d5 3. cxd5 exd5 4. d4 Nf6 5. Nf3 Be7 6. Bf4 c6 7. e3 O-O 8. h3
Re8 9. Bd3 Nbd7 10. O-O Nf8 11. Rb1 a5 12. a3 Ng6 13. Bh2 Bd6 14. Bxd6 Qxd6 15.
Qd2 Be6 16. Rfc1 Qc7 17. Na4 Nd7 18. Nc5 Nxc5 19. Rxc5 b6 20. Rc3 c5 21. dxc5
bxc5 22. Rbc1 c4 23. b3 Qe7 24. bxc4 dxc4 25. Bxc4 Bxc4 26. Rxc4 Qxa3 27. R1c3
Qe7 28. Qa2 Qd7 29. Rd4 Qb7 30. Rc5 Qb6 31. Rdd5 a4 1/2-1/2

[Event "DEM U12w 2019"]
[Site "Willingen GER"]
[Date "2019.06.11"]
[Round "4"]
[White "Alhassan, Jodi"]
[Black "Ding, Tina"]
[Result "0-1"]
[Termination "normal"]
[Board "11"]
[WhiteElo "1108"]
[BlackElo "1180"]
[PlyCount "112"]
[WhiteFideId "16250460"]
[BlackFideId "16286987"]
[EventCountry "GER"]
[EventRounds "9"]
[EventType "swiss"]
[EventDate "2019.06.08"]

1. e4 c5 2. Nf3 Nc6 3. d4 cxd4 4. Nxd4 g6 5. c3 Bg7 6. Bc4 Nf6 7. Nd2 O-O 8.
O-O d6 9. Bb5 Nxd4 10. cxd4 Qb6 11. Qa4 a6 12. Bc4 Bd7 13. Qb3 Qxd4 14. Qb4 Be6
15. Qc3 Qxc3 16. bxc3 Bxc4 17. Nxc4 Nxe4 18. Rb1 Rac8 19. Nb6 Nxc3 20. Nxc8
Nxb1 21. Nxe7+ Kh8 22. Bf4 Nc3 23. Bxd6 Rd8 24. Bc5 Nxa2 25. h3 Nc3 26. Re1 a5
27. Bb6 Ra8 28. Ra1 Ne2+ 29. Kf1 Bxa1 30. Kxe2 a4 31. Nd5 Ra6 32. Kd2 a3 33.
Bc5 Ra5 34. Bxa3 Rxd5+ 35. Ke2 b5 36. Kf1 Re5 37. g3 Bc3 38. Kg2 b4 39. Bxb4
Bxb4 40. Kg1 Kg7 41. Kg2 h5 42. Kg1 g5 43. Kg2 h4 44. g4 Kg6 45. Kg1 f5 46. f3
Re2 47. Kf1 Ra2 48. Kg1 f4 49. Kf1 Kf6 50. Kg1 Ke5 51. Kh1 Kd4 52. Kg1 Ke3 53.
Kh1 Kxf3 54. Kg1 Rf2 55. Kh1 Kg3 56. Kg1 f3 0-1

[Event "DEM U12w 2019"]
[Site "Willingen GER"]
[Date "2019.06.11"]
[Round "4"]
[White "Prinzen, Siri Marleen"]
[Black "Hoffmann, Sophia"]
[Result "1-0"]
[Termination "normal"]
[Board "12"]
[WhiteElo "1505"]
[BlackElo "1347"]
[PlyCount "117"]
[WhiteFideId "16265912"]
[BlackFideId "16259130"]
[EventCountry "GER"]
[EventRounds "9"]
[EventType "swiss"]
[EventDate "2019.06.08"]

1. e4 e5 2. Nf3 Nc6 3. Bc4 Bc5 4. c3 Nf6 5. d3 d6 6. Nbd2 Be6 7. Bb3 O-O 8. O-O
h6 9. h3 Nh7 10. Re1 Ng5 11. Nxg5 Qxg5 12. Nf1 Qg6 13. Qf3 f5 14. Bxe6+ Qxe6
15. Be3 fxe4 16. Qxe4 Bxe3 17. Nxe3 Ne7 18. Ng4 c6 19. d4 h5 20. Nh2 Ng6 21.
dxe5 dxe5 22. Nf3 Rae8 23. Qe3 Qd5 24. Qe4 Qe6 25. Nd2 Qf6 26. Qf3 Qg5 27. Ne4
Qe7 28. Qxh5 Nf4 29. Qg5 Qd7 30. Rad1 Qe6 31. Rd6 Qxa2 32. Nf6+ Rxf6 33. Rxf6
Qxb2 34. Rxf4 Qxc3 35. Rfe4 b5 36. Rxe5 Rxe5 37. Rxe5 Qd3 38. Qe7 Qb1+ 39. Kh2
Qg6 40. Qxa7 Qd6 41. Qe7 Qg6 42. Qe8+ Qxe8 43. Rxe8+ Kf7 44. Rc8 Ke6 45. Rxc6+
Kd5 46. Rc1 Kd4 47. g4 Ke4 48. Rb1 Kf3 49. Rxb5 Kxf2 50. Rb3 Ke2 51. Kg3 Kd2
52. Kf3 Kc2 53. Re3 Kb2 54. Ke2 Kc2 55. Rd3 Kb2 56. Kd2 Ka2 57. Kc2 g6 58. g5
Ka1 59. Ra3# 1-0

[Event "DEM U12w 2019"]
[Site "Willingen GER"]
[Date "2019.06.11"]
[Round "4"]
[White "Eichhorn, Mathilda Sophie"]
[Black "Reddi, Bhuvana"]
[Result "1-0"]
[Termination "normal"]
[Board "13"]
[WhiteElo "1452"]
[BlackElo "1090"]
[PlyCount "81"]
[WhiteFideId "16242289"]
[BlackFideId "16287002"]
[EventCountry "GER"]
[EventRounds "9"]
[EventType "swiss"]
[EventDate "2019.06.08"]

1. e4 e5 2. Nf3 Nc6 3. Bc4 Nf6 4. Nc3 Bc5 5. d3 d6 6. h3 a6 7. a4 O-O 8. Bg5 h6
9. Bh4 g5 10. Bg3 Be6 11. Nd5 Nb4 12. Nxb4 Bxb4+ 13. c3 Bc5 14. Bxe6 fxe6 15.
O-O Nh5 16. Bh2 a5 17. Qb3 Qc8 18. Qc4 b6 19. b4 b5 20. axb5 Bb6 21. bxa5 Rxa5
22. Rxa5 Bxa5 23. d4 Nf4 24. Bxf4 Rxf4 25. dxe5 d5 26. Qc6 Rxe4 27. Ra1 Rc4 28.
Qa6 Qxa6 29. bxa6 Bxc3 30. a7 Bxa1 31. a8=Q+ Kf7 32. Qxa1 c5 33. Qa2 Rc1+ 34.
Kh2 d4 35. Qa7+ Kg6 36. Qe7 c4 37. Qxe6+ Kg7 38. Nxd4 c3 39. Nf5+ Kf8 40. Qe7+
Kg8 41. Qg7# 1-0

[Event "DEM U12w 2019"]
[Site "Willingen GER"]
[Date "2019.06.11"]
[Round "4"]
[White "Irrgang, Natascha"]
[Black "Ulrich, Helena Irene"]
[Result "1/2-1/2"]
[Termination "normal"]
[Board "14"]
[WhiteElo "1210"]
[BlackElo "1514"]
[PlyCount "64"]
[WhiteFideId "16257545"]
[BlackFideId "16256000"]
[EventCountry "GER"]
[EventRounds "9"]
[EventType "swiss"]
[EventDate "2019.06.08"]

1. e4 c5 2. Nf3 Nc6 3. d4 cxd4 4. Nxd4 Nf6 5. Nc3 e5 6. Ndb5 d6 7. Bg5 a6 8.
Na3 b5 9. Nd5 Be7 10. Bxf6 Bxf6 11. Nxf6+ Qxf6 12. c3 O-O 13. Be2 Rd8 14. Qd5
Bb7 15. Bf3 Qe7 16. Qd2 Rac8 17. Rd1 Na5 18. O-O Qf6 19. b3 Qe7 20. Nc2 Nc6 21.
Ne3 a5 22. Nd5 Qe8 23. Nb6 Rb8 24. Nd5 Ne7 25. Rfe1 Bxd5 26. exd5 Ng6 27. Be4
Qd7 28. Qd3 Rf8 29. Bf5 Qc7 30. Be4 Qd7 31. Bf5 Qc7 32. Be4 Qd7 1/2-1/2

[Event "DEM U12w 2019"]
[Site "Willingen GER"]
[Date "2019.06.11"]
[Round "4"]
[White "Kosak, Karolina"]
[Black "Sohr, Luna"]
[Result "1/2-1/2"]
[Termination "normal"]
[Board "15"]
[WhiteElo "1139"]
[BlackElo "1357"]
[PlyCount "56"]
[WhiteFideId "14640503"]
[BlackFideId "16251261"]
[EventCountry "GER"]
[EventRounds "9"]
[EventType "swiss"]
[EventDate "2019.06.08"]

1. e4 e5 2. Nf3 Nc6 3. d4 exd4 4. Bc4 Bc5 5. c3 Nf6 6. e5 d5 7. Bb5 Ne4 8. Nxd4
Bxd4 9. cxd4 Ng5 10. Be3 O-O 11. Bxc6 bxc6 12. O-O f6 13. f4 Ne4 14. Qh5 Qe8
15. Qh4 Qg6 16. Rf3 Bg4 17. Rf1 Be2 18. Re1 Qg4 19. Qxg4 Bxg4 20. Rc1 Bd7 21.
Nd2 Nxd2 22. Bxd2 Rab8 23. b3 fxe5 24. fxe5 Rbe8 25. Bb4 Rf4 26. Bc5 a6 27. Rf1
Rxf1+ 28. Rxf1 g6 1/2-1/2

[Event "DEM U12w 2019"]
[Site "Willingen GER"]
[Date "2019.06.11"]
[Round "4"]
[White "von Beckh, Frieda"]
[Black "Müller, Eva"]
[Result "1-0"]
[Termination "normal"]
[Board "16"]
[WhiteElo "1465"]
[BlackElo "1031"]
[PlyCount "99"]
[WhiteFideId "16233751"]
[BlackFideId "16286995"]
[EventCountry "GER"]
[EventRounds "9"]
[EventType "swiss"]
[EventDate "2019.06.08"]

1. e4 e5 2. Nf3 Nc6 3. d4 exd4 4. Bc4 Bb4+ 5. c3 dxc3 6. bxc3 Be7 7. Qd5 Nh6 8.
Bxh6 O-O 9. Bf4 Bf6 10. e5 Be7 11. O-O b6 12. Nd4 Bb7 13. Bb5 Nxd4 14. Qxd4 Bc5
15. Qxd7 Qh4 16. g3 Qh5 17. Nd2 Rad8 18. Qxc7 Rxd2 19. Qxb7 Rc2 20. Ba4 Rxc3
21. Bb3 g5 22. Bd2 Rf3 23. Bd1 g4 24. Bxf3 gxf3 25. Be3 Bxe3 26. fxe3 Qxe5 27.
Qxf3 Qg7 28. Rad1 a5 29. Rd4 Qe5 30. Rg4+ Kh8 31. Qf6+ Qxf6 32. Rxf6 b5 33.
Rgf4 Kg7 34. R6f5 b4 35. Rg4+ Kh8 36. Rxa5 Re8 37. Rb5 Rf8 38. Rbxb4 f6 39. a4
Ra8 40. a5 f5 41. Rg5 h6 42. Rxf5 Kg7 43. Rb6 h5 44. a6 Kg8 45. Rc5 h4 46. Rc7
hxg3 47. a7 Rc8 48. Rb8 gxh2+ 49. Kxh2 Rxb8 50. axb8=Q# 1-0

[Event "DEM U12w 2019"]
[Site "Willingen GER"]
[Date "2019.06.11"]
[Round "4"]
[White "Lieberwirth, Nele"]
[Black "Heuberger, Sandra"]
[Result "1-0"]
[Termination "normal"]
[Board "17"]
[WhiteElo "1385"]
[BlackElo "1077"]
[PlyCount "135"]
[WhiteFideId "16259483"]
[BlackFideId "16232151"]
[EventCountry "GER"]
[EventRounds "9"]
[EventType "swiss"]
[EventDate "2019.06.08"]

1. d4 d5 2. c4 e6 3. Nc3 Nf6 4. Bg5 Nbd7 5. Nf3 Be7 6. e3 h6 7. Bh4 O-O 8. Bd3
c5 9. cxd5 exd5 10. O-O Re8 11. Bb5 a6 12. Bxd7 Bxd7 13. Bxf6 Bxf6 14. Nxd5 Bb5
15. Nxf6+ Qxf6 16. Re1 Rad8 17. Rc1 b6 18. a4 Bc6 19. Qc2 Be4 20. Qe2 Qg6 21.
dxc5 Re6 22. cxb6 Rxb6 23. Nh4 Qg5 24. g3 Rb4 25. Qxa6 Bd3 26. f4 Qd5 27. Qa7
Rd7 28. Qc5 Qxc5 29. Rxc5 Rxb2 30. Rd1 Ra2 31. Rc3 Bb5 32. Rxd7 Bxd7 33. Rc7
Be6 34. Ra7 Ra1+ 35. Kf2 Bb3 36. Ra8+ Kh7 37. a5 Ra2+ 38. Ke1 Bd5 39. Ra7 Ra3
40. Kd2 Be4 41. Rxf7 Rxa5 42. Re7 Ra4 43. Kc3 Bd5 44. Nf5 Rc4+ 45. Kd3 Kg6 46.
e4 Bg8 47. Rxg7+ Kf6 48. Rxg8 Rc7 49. Nxh6 Rd7+ 50. Ke3 Ke6 51. Rg6+ Ke7 52.
Rg7+ Kd6 53. Rxd7+ Kxd7 54. Kd4 Ke7 55. Ke5 Kf8 56. Kf6 Ke8 57. g4 Kd7 58. g5
Ke8 59. g6 Kd7 60. g7 Kc6 61. g8=Q Kb5 62. Qc8 Kb4 63. Ke5 Kb5 64. Kd5 Kb4 65.
Qc4+ Ka5 66. Qb3 Ka6 67. Kc6 Ka7 68. Qb7# 1-0

[Event "DEM U12w 2019"]
[Site "Willingen GER"]
[Date "2019.06.11"]
[Round "4"]
[White "Scheiding, Sophia"]
[Black "Wille, Melanie"]
[Result "1/2-1/2"]
[Termination "normal"]
[Board "18"]
[WhiteElo "1133"]
[BlackElo "1083"]
[PlyCount "72"]
[WhiteFideId "16287010"]
[BlackFideId "16287037"]
[EventCountry "GER"]
[EventRounds "9"]
[EventType "swiss"]
[EventDate "2019.06.08"]

1. e4 e5 2. Nf3 Nc6 3. d4 exd4 4. Bc4 Nf6 5. O-O d5 6. exd5 Nxd5 7. Re1+ Be7 8.
Bxd5 Qxd5 9. Nc3 Qh5 10. Ne4 Qg6 11. Nh4 Bxh4 12. Nf6+ Kd8 13. Nd5 Bg4 14. Qd2
Bf3 15. Nf4 Bg5 16. Nxg6 Bxd2 17. Bxd2 hxg6 18. gxf3 d3 19. cxd3 Nd4 20. Re4
Nxf3+ 21. Kg2 Nxd2 22. Re2 Nf3 23. Kxf3 Rxh2 24. Rae1 Kd7 25. Re7+ Kd6 26. Rxf7
Rh7 27. Rfe7 Rf8+ 28. Kg2 Rf6 29. Re8 Kd7 30. R8e7+ Kd6 31. R7e4 g5 32. Rd4+
Kc5 33. Rc4+ Kd6 34. Ree4 Re6 35. Rcd4+ Ke7 36. Rxe6+ Kxe6 1/2-1/2

[Event "DEM U12w 2019"]
[Site "Willingen GER"]
[Date "2019.06.11"]
[Round "4"]
[White "Sens, Gerda"]
[Black "Leongardt, Adel"]
[Result "1-0"]
[Termination "normal"]
[Board "19"]
[WhiteElo "1018"]
[BlackElo "1179"]
[PlyCount "164"]
[WhiteFideId "16287029"]
[BlackFideId "16256549"]
[EventCountry "GER"]
[EventRounds "9"]
[EventType "swiss"]
[EventDate "2019.06.08"]

1. e4 g6 2. d4 Bg7 3. Nf3 d6 4. Nc3 Bg4 5. Bf4 Nc6 6. d5 Nd4 7. Be2 Nxf3+ 8.
Bxf3 Bxf3 9. Qxf3 e5 10. Be3 Ne7 11. O-O O-O 12. Rad1 f5 13. Bg5 fxe4 14. Qxe4
Qd7 15. Qb4 Rf5 16. Qxb7 Raf8 17. Be3 Rh5 18. Nb5 Qg4 19. f3 Qh4 20. h3 Qg3 21.
Bf2 Qg5 22. Nxc7 Rf6 23. Ne6 Qh6 24. Qxe7 Rf7 25. Qe8+ Bf8 26. Nxf8 Rxf8 27.
Qe6+ Kg7 28. Qd7+ Rf7 29. Qxd6 Qg5 30. h4 Qf4 31. Rfe1 Rff5 32. Be3 Qxh4 33.
Qd7+ Rf7 34. Qh3 Qf6 35. Qg3 Qf5 36. d6 Rd7 37. Qg4 Qf7 38. Qg3 Qe6 39. Qg4 Qf7
40. b3 a5 41. Qc4 Qf6 42. Qc6 Rd8 43. Qc7+ Kg8 44. Qe7 Qxe7 45. dxe7 Re8 46.
Rd8 Kf7 47. Bc5 e4 48. Bd6 exf3 49. gxf3 Rg5+ 50. Kf1 h5 51. Re4 Rf5 52. Kf2 g5
53. Kg3 Rd5 54. Bc7 Rc5 55. Rd7 Rxc2 56. Re5 Kf6 57. Bd6 Rxa2 58. Rd8 h4+ 59.
Kg4 Rg2+ 60. Kh5 Kf7 61. Rf5+ Ke6 62. Re5+ Kf7 63. Rxg5 h3 64. Rf5+ Ke6 65.
Re5+ Kf7 66. Re1 Rf2 67. Kh4 Rxf3 68. Kg4 Rxb3 69. Rf1+ Ke6 70. Rxe8 Kxd6 71.
Rd1+ Ke6 72. Re1+ Kd6 73. Rd8+ Kc5 74. e8=Q h2 75. Rc1+ Kb4 76. Qe1+ Ka4 77.
Rd4+ Rb4 78. Ra1+ Kb3 79. Qb1+ Kc3 80. Qd3+ Kb2 81. Qa3+ Kc2 82. Ra2+ 82... Kb1
{Es folgte Td1.} 1-0

[Event "DEM U12w 2019"]
[Site "Willingen GER"]
[Date "2019.06.11"]
[Round "4"]
[White "Hengst, Sarah"]
[Black "Haarmann, Belanna"]
[Result "1-0"]
[Termination "normal"]
[Board "20"]
[WhiteElo "958"]
[BlackElo "1065"]
[PlyCount "113"]
[WhiteFideId "16286030"]
[BlackFideId "16273508"]
[EventCountry "GER"]
[EventRounds "9"]
[EventType "swiss"]
[EventDate "2019.06.08"]

1. e4 e5 2. Nf3 Nc6 3. Bc4 Bc5 4. c3 d6 5. d4 exd4 6. cxd4 Bb4+ 7. Nc3 Nf6 8.
O-O O-O 9. d5 Ne5 10. Nxe5 dxe5 11. Bg5 c6 12. Ne2 b5 13. Bb3 Bb7 14. dxc6 Qxd1
15. Rfxd1 Bxc6 16. Rac1 Nxe4 17. Be3 Bb7 18. Rc7 Nd6 19. Bd2 Bxd2 20. Rxd2 Rfd8
21. Bxf7+ Nxf7 22. Rxd8+ Rxd8 23. h3 Rd2 24. Nc3 Bd5 25. Rc8+ Nd8 26. Rxd8+ Kf7
27. Nxd5 Ke6 28. Nc7+ Ke7 29. Rxd2 b4 30. Nd5+ Kd6 31. Nxb4+ Kc5 32. a3 a5 33.
Nd3+ Kb5 34. Nxe5 Ka4 35. Rd3 h6 36. Rc3 g5 37. Nc6 h5 38. b3+ Kxa3 39. Nxa5
Kb4 40. Rg3 Kxa5 41. Rxg5+ Kb4 42. Rxh5 Kxb3 43. Kf1 Kc4 44. Ke2 Kd4 45. Kf3
Kd3 46. g4 Kd4 47. Kf4 Kd3 48. g5 Ke2 49. g6 Kxf2 50. g7 Kg2 51. g8=Q+ Kh2 52.
Qg3+ Kh1 53. Qf3+ Kh2 54. Qe3 Kh1 55. Rg5 Kh2 56. Qg3+ Kh1 57. Qg2# 1-0

[Event "DEM U12w 2019"]
[Site "Willingen GER"]
[Date "2019.06.12"]
[Round "6"]
[White "Peglau, Charis"]
[Black "Zhou, Lepu Coco"]
[Result "1/2-1/2"]
[Termination "normal"]
[Board "1"]
[WhiteElo "1514"]
[BlackElo "1724"]
[WhiteClock "00:38:58"]
[BlackClock "01:08:59"]
[PlyCount "51"]
[WhiteFideId "16219996"]
[BlackFideId "16217136"]
[EventCountry "GER"]
[EventRounds "9"]
[EventType "swiss"]
[EventDate "2019.06.08"]

1. d4 {[%clk 1:30:58]} 1... Nf6 {[%clk 1:30:52]} 2. c4 {[%clk 1:31:22]} 2... c5
{[%clk 1:31:17]} 3. d5 b5 4. cxb5 {[%clk 1:30:48]} 4... a6 {[%clk 1:31:39]} 5.
bxa6 {[%clk 1:30:19]} 5... g6 {[%clk 1:32:00]} 6. Nc3 {[%clk 1:30:32]} 6...
Bxa6 {[%clk 1:32:14]} 7. Bf4 {[%clk 1:30:00]} 7... d6 {[%clk 1:32:16]} 8. Nf3 {
[%clk 1:29:37]} 8... Bg7 {[%clk 1:32:35]} 9. Qd2 {[%clk 1:28:52]} 9... O-O {
[%clk 1:32:43]} 10. e4 {[%clk 1:27:28]} 10... Bxf1 {[%clk 1:33:03]} 11. Kxf1 {
[%clk 1:27:46]} 11... Re8 {[%clk 1:31:15]} 12. g3 {[%clk 1:27:27]} 12... Nbd7 {
[%clk 1:30:54]} 13. Kg2 {[%clk 1:26:57]} 13... Nh5 {[%clk 1:28:07]} 14. Be3 {
[%clk 1:26:05]} 14... Qa5 {[%clk 1:28:03]} 15. Qc2 {[%clk 1:20:52]} 15... Nb6 {
[%clk 1:27:40]} 16. Nd2 {[%clk 1:19:19]} 16... Reb8 {[%clk 1:26:24]} 17. a3 {
[%clk 1:14:33]} 17... Nf6 {[%clk 1:23:50]} 18. Rab1 {[%clk 1:13:20]} 18... Ng4
{[%clk 1:22:32]} 19. Bf4 {[%clk 1:12:49]} 19... Ne5 {[%clk 1:22:14]} 20. Bxe5 {
[%clk 1:12:33]} 20... Bxe5 {[%clk 1:22:34]} 21. f4 {[%clk 1:11:59]} 21... Bg7 {
[%clk 1:22:31]} 22. Rhc1 {[%clk 1:00:40]} 22... Qa6 {[%clk 1:15:45]} 23. Re1 {
[%clk 0:58:13]} 23... Nc4 {[%clk 1:11:01]} 24. Nxc4 {[%clk 0:55:42]} 24... Qxc4
{[%clk 1:11:24]} 25. e5 {[%clk 0:40:45]} 25... Rb7 {[%clk 1:08:59]} 26. Qe4 {
[%clk 0:38:58]} 1/2-1/2